The construction, operation, and use of the North Fork infiltrometer. (Record no. 10018)
[ view plain ]
| 000 -LEADER | |
|---|---|
| fixed length control field | 01205cam a22002531 4500 |
| 001 - CONTROL NUMBER | |
| control field | agr40000153 |
| 003 - CONTROL NUMBER IDENTIFIER | |
| control field | DLC |
| 005 - DATE AND TIME OF LATEST TRANSACTION | |
| control field | 20260227110958.0 |
| 008 - FIXED-LENGTH DATA ELEMENTS--GENERAL INFORMATION | |
| fixed length control field | 850815s1940 caua b 000 0 eng |
| 010 ## - LIBRARY OF CONGRESS CONTROL NUMBER | |
| LC control number | agr40000153 |
| 035 ## - SYSTEM CONTROL NUMBER | |
| System control number | (OCoLC)12387931 |
| 040 ## - CATALOGING SOURCE | |
| Original cataloging agency | DLC |
| Transcribing agency | CSdS |
| Modifying agency | DLC |
| 050 00 - LIBRARY OF CONGRESS CALL NUMBER | |
| Classification number | S21 |
| Item number | .A855 no. 1 |
| 051 ## - LIBRARY OF CONGRESS COPY, ISSUE, OFFPRINT STATEMENT | |
| Classification number | SD425 |
| Item number | .U47 no. 1 |
| 100 1# - MAIN ENTRY--PERSONAL NAME | |
| Personal name | Rowe, Percy Burton, |
| Dates associated with a name | 1900- |
| 245 14 - TITLE STATEMENT | |
| Title | The construction, operation, and use of the North Fork infiltrometer. |
| Statement of responsibility, etc. | By P.B. Rowe ... |
| 260 ## - PUBLICATION, DISTRIBUTION, ETC. | |
| Place of publication, distribution, etc. | [Oakland, Calif., |
| Date of publication, distribution, etc. | 1940] |
| 300 ## - PHYSICAL DESCRIPTION | |
| Extent | 2 p. l., 64 p. |
| Other physical details | illus., diagrs. |
| Dimensions | 23 cm. |
| 490 0# - SERIES STATEMENT | |
| Series statement | United States. Forest and range experiment station, California. Miscellaneous publication |
| Volume/sequential designation | no. 1 |
| 500 ## - GENERAL NOTE | |
| General note | At head of title: Flood control coordinating committee. Miscellaneous publication no. 1. California forest and range experiment station. Miscellaneous publication no. 1. |
| 500 ## - GENERAL NOTE | |
| General note | Issued by U.S. Dept. of Agriculture, California forest and range experiment station, Berkeley, Calif., for the Flood control coordinating committee of the U.S. Dept. of Agriculture, Washington, D.C.--cf. Footnote, p. 1. |
| 504 ## - BIBLIOGRAPHY, ETC. NOTE | |
| Bibliography, etc. note | "Selected references ": p. 45. |
| 740 0# - ADDED ENTRY--UNCONTROLLED RELATED/ANALYTICAL TITLE | |
| Uncontrolled related/analytical title | North Fork infiltrometer. |
No items available.